1201 1274 1226 1301 1127 1625 1871 1292 1175 1547 1022 1824 1283 1560 1100 1782 1742 1827 1550 1559 1114 1042 1446 1261 1788 1267 1788 1696 1041 1475 1761 1444 1313 1471 1398 1540 1213 1497 1918 1280 1567 1516 1638 1424 1467 1821 1156 1730 1535 1332 1230 1446 1455 1102 1702 1078 1930 1623 1806 1245 1947 1501 1330 1571 1432 1800 1776 1106 1189 1603 1592 1159 1275 1088 1829 1355 1400 1877 1086 1596 1351 1180 1642 1357 1495 1722 1642 1608 1663 1999 1030 1266 1209 1160 1591 1814 1152 1067 1280 BCNSPRNW ULIB Ver.6.0+V

เปลี่ยนเป็นภาษาไทย

Change to English
 แสดงรายละเอียดบรรณานุกรม
  กลับหน้าหลัก

Brief Record : Get Marc (ISO 2709) : E-mail record : QR code < ปิดหน้าต่าง
LEADER : 00000nam 2200000uu 4500
001    13399123181
003     ULIB
008    140605s2556||||th 000 0 tha d
020    ^a9786161116637
060  4 ^aWA525^bอ681ส
100 0  ^aอำนวย กาจีนะ
245 00 ^aสู่ความมั่นคงทางสุขภาพ : ภาพอนาคตการบริหารจัดการระบบสาธารณสุขที่พึงประสงค์ /^cอำนวย กาจีนะ, ณัฐินี บัณฑะวงค์ และสุนิสา โพธิ์ยิ้ม
246    ^a ภาพอนาคตการบริหารจัดการระบบสาธารณสุขที่พึงประสงค์
250    ^aพิมพ์ครั้งที่ 1 (12 พ.ค.57)
260    ^aนนทบุรี :^bโรงพิมพ์สำนักงานพระพุทธศาสนาแห่งชาติ,^c2556
300    ^a276 หน้า :^bตาราง ;^c26 ซม.
650  7 ^aการบริหารจัดการระบบสาธารณสุข^xวิจัย
700 0  ^aณัฐินี บัณฑะวงค์
700 0  ^aสุนิสา โพธิ์ยิ้ม
945    ^p0^l0^i034479
945    ^p0^l0^i034480
999    ^aเกษร โพธิ์สุวรรณ
รายการนี้ยังไม่มีแท็ก
คุณยังไม่ได้ล็อกอิน คุณสามารถมีกิจกรรมร่วมกับเว็บไซต์ได้ แต่ต้องล็อกอินก่อน ::
  ล็อกอิน

รายการสื่อสารสนเทศ

ลำดับที่ ประเภท เลขเรียก/บาร์โค้ด สถานที่ สถานะ
1. วิทยาศาสตร์การแพทย์ และสุขภาพ
หนังสือสำรอง
สถานะ=หนังสือสำรอง
WA525 อ681ส ฉ.1 
  Barcode: 034479
ห้องสมุดวิทยาเขตสวรรค์ประชารักษ์
►ส่วนจัดเก็บหนังสือเก่า สปร
บนชั้น
  ขอยืม
2. วิทยาศาสตร์การแพทย์ และสุขภาพ
วิทยาศาสตร์การแพทย์ และสุขภาพ
WA525 อ681ส ฉ.2 
  Barcode: 034480
ห้องสมุดวิทยาเขตสวรรค์ประชารักษ์
►ส่วนจัดเก็บหนังสือเก่า สปร
บนชั้น
  ขอยืม

BibComment


ยังไม่เคยถูกคอมเมนท์

คอมเมนท์ทรัพยากรรายการนี้
  คอมเมนท์: สู่ความมั่นคงทาง..


 Copyright 2026. Bcnsprnw @Library